000 00318nam a2200121Ia 4500
008 180309s9999 xx 000 0 und d
020 _a446313084
100 _aSmith, Nila Banton
245 _aSpeed reading made easy /
260 _aNew Jersey :
_b1963
_cWarner books
300 _a288 pages
650 _aSpeed reading
999 _c356110
_d356110